Statistiques concernant Trouvez le département qui correspond à sa préfecture

Cliquez ici pour prendre le quiz!

Statistiques générales

  • Ce quiz a été pris 381 fois
  • Le résultat moyen est 72 sur 96

Statistiques - réponses

PréfectureDépartement% Correct
BastiaHaute Corse
95%
StrasbourgBas Rhin
93%
MarseilleBouches du Rhône
93%
LyonRhône
93%
NiceAlpes Maritimes
91%
RennesIlle et Vilaine
91%
QuimperFinistère
90%
GrenobleIsère
90%
MontpellierHérault
89%
NantesLoire Atlantique
89%
ChambérySavoie
89%
AnnecyHaute Savoie
88%
LilleNord
88%
BelfortTerritoire de Belfort
88%
La RochelleCharente Maritime
87%
DijonCôte d'Or
87%
ToulonVar
87%
ParisParis
86%
NimesGard
85%
ArrasPas de Calais
85%
ToulouseHaute Garonne
84%
VersaillesYvelines
84%
Saint-EtienneLoire
83%
Saint LôManche
83%
NeversNièvre
83%
BesançonDoubs
82%
EpinalVosges
82%
CaenCalvados
81%
TulleCorrèze
81%
MetzMoselle
81%
BeauvaisOise
81%
Le MansSarthe
81%
TroyesAube
80%
AjaccioCorse du Sud
79%
PérigueuxDordogne
79%
PerpignanPyrénées Orientales
79%
AuxerreYonne
79%
Bourg en BresseAin
78%
Saint BrieucCôtes d'Armor
78%
RouenSeine Maritime
78%
FoixAriège
77%
LavalMayenne
77%
PauPyrénées Atlantique
77%
AmiensSomme
77%
PoitiersVienne
77%
GuéretCreuse
75%
NancyMeurthe et Moselle
75%
CréteilVal de Marne
75%
AvignonVaucluse
75%
GapHautes-Alpes
74%
VannesMorbihan
74%
PrivasArdèche
73%
NiortDeux Sèvres
73%
La Roche sur YonVendée
73%
RodezAveyron
72%
BordeauxGironde
72%
OrléansLoiret
72%
AgenLot et Garonne
72%
LaonAisne
71%
ValenceDrôme
71%
Clermont-FerrandPuy de Dôme
71%
DigneAlpes de Haute Provence
70%
Le Puy en VelayHaute Loire
70%
BloisLoir et Cher
70%
MontaubanTarn et Garonne
70%
PontoiseVal d'Oise
70%
MoulinsAllier
69%
MendeLozère
69%
MelunSeine et Marne
69%
BobignySeine Saint Denis
69%
ColmarHaut Rhin
68%
AngersMaine et Loire
68%
AngoulêmeCharente
67%
TarbesHautes Pyrénées
67%
ChateaurouxIndre
67%
ChartresEure et Loir
66%
Chalons en ChampagneMarne
66%
Bar-le-DucMeuse
66%
Charleville-MezièresArdennes
64%
Mont de MarsanLandes
64%
AlbiTarn
64%
AurillacCantal
63%
NanterreHauts de Seine
63%
Lons le SaunierJura
63%
AuchGers
62%
EvreuxEure
60%
ToursIndre et Loire
60%
MâconSaone et Loire
59%
EvryEssonne
58%
ChaumontHaute Marne
58%
LimogesHaute Vienne
58%
BourgesCher
57%
CarcassoneAude
56%
VesoulHaute Saone
55%
AlençonOrne
55%
CahorsLot
54%

Distribution des résultats

Percentile par nombre de réponses

% des personnes avec chaque résultat

Votre développement - résultats

Vous n’avez pas pris ce quiz